[Event "XVI Open Nicolo' La Rosa"]
[Site "Mazara del Vallo ITA"]
[Date "2008.08.11"]
[Round "2"]
[White "Galfano, Andrea"]
[Black "Novara, Salvatore"]
[Result "0-1"]
[WhiteElo "1404"]
[BlackElo "1549"]
[PlyCount "50"]
[EventDate "2008.08.11"]

1. e4 e5 2. Nf3 Nc6 3. d4 exd4 4. Nxd4 Bc5 5. Nxc6 bxc6 6. Nc3 Nf6 7. Bg5 h6 8.
Bh4 d6 9. Bc4 O-O 10. Qe2 Rb8 11. Na4 Re8 12. Nxc5 dxc5 13. e5 Qd4 14. c3 Qxh4
15. O-O Nd5 16. Rad1 Be6 17. b3 Nxc3 18. Qf3 Nxd1 19. Rxd1 Rbd8 20. g3 Rxd1+
21. Qxd1 Qe4 22. Bxe6 Rxe6 23. Qd8+ Kh7 24. Qxc7 Rxe5 25. Qxf7 Rd5 0-1

[Event "XVI Open Nicolo' La Rosa"]
[Site "Mazara del Vallo ITA"]
[Date "2008.08.11"]
[Round "2"]
[White "Lanza, Giuseppe"]
[Black "Architetto, Sandro"]
[Result "1-0"]
[WhiteElo "1470"]
[BlackElo "1620"]
[PlyCount "61"]
[EventDate "2008.08.11"]

1. f4 d5 2. Nf3 Nc6 3. e3 Bf5 4. b3 a6 5. Bb2 e6 6. Bd3 Bxd3 7. cxd3 Nf6 8. O-O
Bc5 9. Kh1 Nb4 10. Ne5 Bd6 11. d4 Ne4 12. d3 Nf6 13. a3 Nc6 14. Nd2 Ne7 15. e4
c6 16. b4 b5 17. Rc1 Rc8 18. g4 a5 19. g5 Nd7 20. Qh5 O-O 21. Rf3 f6 22. g6 h6
23. Ng4 Qe8 24. f5 exf5 25. exf5 Kh8 26. Re1 axb4 27. Nxh6 Nxg6 28. Rxe8 Rfxe8
29. fxg6 Re1+ 30. Nf1 Nf8 31. Nf7+ 1-0

[Event "XVI Open Nicolo' La Rosa"]
[Site "Mazara del Vallo ITA"]
[Date "2008.08.11"]
[Round "2"]
[White "Laudicina, Mariangela"]
[Black "Mancuso, Fabrizio"]
[Result "1-0"]
[WhiteElo "1515"]
[BlackElo "1362"]
[PlyCount "115"]
[EventDate "2008.08.11"]

1. e4 e5 2. Nc3 Nf6 3. Nf3 Nc6 4. Bc4 Bb4 5. d3 O-O 6. O-O d6 7. a3 Bxc3 8.
bxc3 d5 9. Bxd5 Nxd5 10. exd5 Qxd5 11. c4 Qc5 12. Be3 Nd4 13. c3 Nxf3+ 14. Qxf3
Qa5 15. Qg3 Kh8 16. Rfc1 f5 17. Qg5 Qa4 18. Bc5 h6 19. Qe7 Bd7 20. Qxe5 Rfe8
21. Qxc7 b6 22. Bd4 Qc6 23. Qg3 Rg8 24. Re1 Raf8 25. Re7 Rf6 26. Rae1 Rg6 27.
Qh3 f4 28. Rxd7 f3 29. Ree7 Rxg2+ 30. Kf1 Qg6 31. Qxf3 Rg1+ 32. Ke2 Re8 33. Kd2
Rxe7 34. Qf8+ Kh7 35. Rxe7 Qg5+ 36. Be3 Qg4 37. Rxg7+ Qxg7 38. Qf5+ Qg6 39.
Qxg6+ Kxg6 40. d4 Rg2 41. h3 h5 42. d5 Kf5 43. Kd3 Ke5 44. Bd4+ Kd6 45. Ke4 Rh2
46. Be5+ Kc5 47. Bxh2 Kxc4 48. Be5 Kb3 49. d6 Kxa3 50. d7 a5 51. d8=Q Kb3 52.
Qxb6+ Ka4 53. c4 h4 54. Qb5+ Ka3 55. Qxa5+ Kb3 56. Qc3+ Ka4 57. Qb2 Ka5 58.
Qb5# 1-0

[Event "XVI Open Nicolo' La Rosa"]
[Site "Mazara del Vallo ITA"]
[Date "2008.08.11"]
[Round "2"]
[White "Marino, Davide"]
[Black "Savalla, Pietro"]
[Result "0-1"]
[WhiteElo "1571"]
[BlackElo "1440"]
[PlyCount "92"]
[EventDate "2008.08.11"]

1. e4 e5 2. Nf3 Nf6 3. Nxe5 Nc6 4. Nxc6 dxc6 5. Nc3 Bb4 6. d3 O-O 7. Bg5 Re8 8.
a3 Bxc3+ 9. bxc3 Nxe4 10. dxe4 Qxg5 11. Qf3 Bg4 12. Qe3 Qxe3+ 13. fxe3 Rxe4 14.
Kf2 Rd8 15. Bd3 Re7 16. h3 Bh5 17. g4 Bg6 18. Rad1 Rd6 19. Bxg6 fxg6 20. Rd4
Red7 21. Rhd1 Rxd4 22. cxd4 c5 23. Ke2 cxd4 24. Rxd4 Rxd4 25. exd4 Kf7 26. Ke3
Kf6 27. Kf4 h6 28. h4 b5 29. g5+ Ke6 30. Ke4 c6 31. c3 a5 32. Kf4 Kd5 33. gxh6
gxh6 34. Kg4 Kc4 35. Kf4 Kxc3 36. Ke5 g5 37. h5 g4 38. Kf4 Kxd4 39. Kxg4 b4 40.
axb4 axb4 41. Kf5 b3 42. Kg6 b2 43. Kxh6 b1=Q 44. Kg7 c5 45. h6 Kc4 46. h7
Qxh7+ 0-1

[Event "XVI Open Nicolo' La Rosa"]
[Site "Mazara del Vallo ITA"]
[Date "2008.08.11"]
[Round "2"]
[White "Melia, Lorenzo"]
[Black "Morello, Guido"]
[Result "0-1"]
[WhiteElo "1649"]
[BlackElo "1978"]
[PlyCount "52"]
[EventDate "2008.08.11"]

1. e4 c5 2. Nf3 Nc6 3. d4 cxd4 4. Nxd4 Nf6 5. Nc3 e5 6. Ndb5 d6 7. Nd5 Nxd5 8.
exd5 Nb8 9. c4 Nd7 10. Be2 Be7 11. O-O O-O 12. b3 a6 13. Nc3 f5 14. Bb2 Bg5 15.
g3 Nf6 16. Qc2 f4 17. Ne4 Nxe4 18. Qxe4 Bf5 19. Qf3 e4 20. Qc3 Bf6 21. Qd2 f3
22. Bd1 Bxb2 23. Qxb2 Qg5 24. Kh1 Bh3 25. Rg1 e3 26. Qc1 exf2 0-1

[Event "XVI Open Nicolo' La Rosa"]
[Site "Mazara del Vallo ITA"]
[Date "2008.08.11"]
[Round "2"]
[White "Melograni, Francesco"]
[Black "Kizov, Atanas"]
[Result "0-1"]
[WhiteElo "1787"]
[BlackElo "2426"]
[PlyCount "80"]
[EventDate "2008.08.11"]

1. e4 c5 2. Nc3 Nc6 3. f4 g6 4. Nf3 Bg7 5. Bb5 Nd4 6. Nxd4 cxd4 7. Ne2 Nf6 8.
Bd3 O-O 9. O-O d6 10. b3 e5 11. Bb2 Re8 12. Ng3 h5 13. h3 h4 14. Nh1 exf4 15.
Bxd4 g5 16. Nf2 Bd7 17. Qf3 Bc6 18. Rae1 Qd7 19. c3 Re7 20. Bxf6 Bxf6 21. Qh5
Kg7 22. e5 Rxe5 23. Qh7+ Kf8 24. Ng4 Bg7 25. Nxe5 dxe5 26. Qf5 Rd8 27. Qxd7
Rxd7 28. Be4 Bxe4 29. Rxe4 Rxd2 30. Rf2 Rd3 31. Rc2 f5 32. Rc4 Rd7 33. Kf2 g4
34. Rc5 Kf7 35. c4 Ke6 36. Rc8 e4 37. b4 Bd4+ 38. Kf1 gxh3 39. gxh3 f3 40. Rg8
e3 0-1

[Event "XVI Open Nicolo' La Rosa"]
[Site "Mazara del Vallo ITA"]
[Date "2008.08.11"]
[Round "2"]
[White "Oddo, Salvatore"]
[Black "Ferrante, Filippo"]
[Result "0-1"]
[WhiteElo "1553"]
[BlackElo "1490"]
[PlyCount "107"]
[EventDate "2008.08.11"]

1. Nf3 e6 2. g3 d5 3. Bg2 Nf6 4. O-O Nbd7 5. d3 c5 6. Nbd2 Be7 7. c3 O-O 8. Qc2
Re8 9. e4 Qc7 10. Re1 Bd6 11. a4 a5 12. Nf1 b6 13. Bg5 Ne5 14. Bxf6 gxf6 15.
exd5 Nxf3+ 16. Bxf3 e5 17. Ne3 Bh3 18. Bg4 Bxg4 19. Nxg4 Qe7 20. Nh6+ Kh8 21.
Re4 Qf8 22. Rh4 Qg7 23. Nf5 Qf8 24. Nxd6 Qxd6 25. d4 e4 26. dxc5 Qxc5 27. Rd1
Rad8 28. Rxe4 Rg8 29. c4 Rg5 30. Qe2 Rf5 31. Re8+ Rxe8 32. Qxe8+ Kg7 33. Qe2
Re5 34. Qg4+ Rg5 35. Qd4 Qd6 36. Rd3 h5 37. Rb3 Rg4 38. Rxb6 Qe7 39. Qc3 h4 40.
Kf1 h3 41. f3 Rg6 42. Qxa5 Qe3 43. Rb7 Qxf3+ 44. Ke1 Qh1+ 45. Kd2 Qxh2+ 46. Kd1
Rxg3 47. Re7 Rd3+ 48. Kc1 Qf4+ 49. Kb1 Rd1+ 50. Ka2 h2 51. Qc7 h1=Q 52. Rxf7+
Kg6 53. Rg7+ Kf5 54. Qd7+ {...} 0-1

[Event "XVI Open Nicolo' La Rosa"]
[Site "Mazara del Vallo ITA"]
[Date "2008.08.11"]
[Round "2"]
[White "Palazzotto, Giuseppe"]
[Black "Fiducioso, Marco"]
[Result "0-1"]
[WhiteElo "1873"]
[BlackElo "2103"]
[PlyCount "66"]
[EventDate "2008.08.11"]

1. d4 d5 2. c4 c6 3. Nf3 Nf6 4. Nc3 e6 5. e3 Nbd7 6. Qc2 Bd6 7. Bd3 O-O 8. O-O
dxc4 9. Bxc4 e5 10. Rd1 Qc7 11. a3 Nb6 12. Ba2 Bg4 13. Ne4 Nxe4 14. Qxe4 Bxf3
15. Qxf3 exd4 16. Rxd4 Bxh2+ 17. Kh1 Be5 18. Rh4 Qe7 19. Qh5 h6 20. Re4 Qf6 21.
Rxe5 g6 22. Qh2 Rad8 23. Bb3 Qxf2 24. Qxh6 Qf1+ 25. Kh2 Qd3 26. Ba2 Nd7 27. Rg5
Qd6+ 28. Rg3 Ne5 29. Qh4 Kg7 30. e4 Rh8 31. Bg5 Rxh4+ 32. Bxh4 Rh8 33. Rh3 Nf3+
0-1

[Event "XVI Open Nicolo' La Rosa"]
[Site "Mazara del Vallo ITA"]
[Date "2008.08.11"]
[Round "2"]
[White "Palazzotto, Roberto"]
[Black "Amato, Andrea"]
[Result "0-1"]
[WhiteElo "1740"]
[BlackElo "2264"]
[PlyCount "74"]
[EventDate "2008.08.11"]

1. e4 Nc6 2. d4 e5 3. d5 Nce7 4. c4 Ng6 5. Nc3 Bb4 6. Bd2 Nf6 7. Bd3 O-O 8.
Nge2 d6 9. O-O Nh5 10. f4 Bg4 11. f5 Ngf4 12. Bxf4 Nxf4 13. Qc2 Bc5+ 14. Kh1
Nh5 15. Qc1 a5 16. h3 Qh4 17. Qe1 Qg5 18. Rd1 g6 19. a3 Kh8 20. Rb1 Bxh3 21.
gxh3 Qe3 22. Qh4 Qxd3 23. b3 Qe3 24. Rg1 Qf3+ 25. Rg2 gxf5 26. Ng3 Nxg3+ 27.
Qxg3 Qxg3 28. Rxg3 f4 29. Rf3 Rg8 30. Nb5 Bb6 31. a4 Rg5 32. h4 Rg4 33. Rh3 h5
34. Nc3 Rag8 35. Ne2 f3 36. Nc3 f2 37. Ne2 Rg1+ 0-1

[Event "XVI Open Nicolo' La Rosa"]
[Site "Mazara del Vallo ITA"]
[Date "2008.08.11"]
[Round "2"]
[White "Salafia, Andrea"]
[Black "Di Via, Saverio"]
[Result "1-0"]
[WhiteElo "1959"]
[BlackElo "1715"]
[PlyCount "75"]
[EventDate "2008.08.11"]

1. d4 d5 2. Nf3 Nc6 3. Bf4 Nf6 4. e3 e6 5. c3 Bd6 6. Bd3 Bxf4 7. exf4 Bd7 8.
Qc2 Ne7 9. Ne5 Rc8 10. g4 g6 11. h4 h5 12. g5 Nfg8 13. b4 c6 14. Nd2 a5 15. Nb3
axb4 16. Nc5 Rc7 17. Ncxd7 Rxd7 18. Nxd7 Qxd7 19. cxb4 Qd6 20. Qd2 Nf5 21. Bxf5
exf5 22. O-O Ne7 23. Rfe1 O-O 24. Re2 Nc8 25. Rae1 Nb6 26. Re8 Nc4 27. Rxf8+
Kxf8 28. Qc3 Qxf4 29. Qg3 Qxd4 30. Qb8+ Kg7 31. Re8 Qg4+ 32. Qg3 Qd4 33. Re7 f4
34. Qf3 Ne5 35. Qe2 Ng4 36. Rxb7 Qc3 37. b5 f3 38. Qd1 1-0

[Event "XVI Open Nicolo' La Rosa"]
[Site "Mazara del Vallo ITA"]
[Date "2008.08.11"]
[Round "2"]
[White "Sardo, Riccardo"]
[Black "Monaco, Alessandro"]
[Result "0-1"]
[WhiteElo "1398"]
[BlackElo "1527"]
[PlyCount "52"]
[EventDate "2008.08.11"]

1. e4 d5 2. Bd3 dxe4 3. Bxe4 Nf6 4. f3 e5 5. Nc3 Bb4 6. Nge2 Nxe4 7. Nxe4 Nd7
8. a3 Be7 9. b4 Nf6 10. N4c3 O-O 11. d3 c5 12. b5 b6 13. h3 Bb7 14. O-O Nh5 15.
g4 Nf4 16. Bxf4 exf4 17. Nxf4 Qd4+ 18. Rf2 Qxf4 19. Ne2 Qe5 20. Rb1 Bh4 21. f4
Qe3 22. Qe1 Qxh3 23. Rh2 Qxg4+ 24. Ng3 Bxg3 25. Qd1 Bxh2+ 26. Kxh2 Qg2# 0-1

[Event "XVI Open Nicolo' La Rosa"]
[Site "Mazara del Vallo ITA"]
[Date "2008.08.12"]
[Round "3"]
[White "Amato, Andrea"]
[Black "Salafia, Andrea"]
[Result "1-0"]
[WhiteElo "2264"]
[BlackElo "1959"]
[PlyCount "92"]
[EventDate "2008.08.11"]

1. Nf3 g6 2. c4 Bg7 3. Nc3 d6 4. g3 Nd7 5. Bg2 e5 6. O-O Ne7 7. d4 O-O 8. e4 c6
9. dxe5 dxe5 10. Qd6 Re8 11. Rd1 Bf8 12. Qd3 Qc7 13. Be3 b6 14. Rac1 Kg7 15.
Qd2 Ng8 16. Na4 Ndf6 17. Qc2 Be7 18. h3 Ba6 19. c5 b5 20. Nc3 b4 21. Nb1 Bb5
22. g4 a5 23. g5 Nd7 24. a4 Ba6 25. Nbd2 Rad8 26. Nb3 f6 27. h4 Bc8 28. Nfd2
Nf8 29. Nc4 Ne6 30. gxf6+ Bxf6 31. Nd6 Rf8 32. h5 Ng5 33. Qe2 Nh3+ 34. Kh2 Nf4
35. Bxf4 exf4 36. e5 Bh4 37. Nd4 Nh6 38. Bf3 gxh5 39. Rg1+ Kh8 40. Bxh5 Nf5 41.
Nf3 Bg3+ 42. fxg3 fxg3+ 43. Kg2 Nh4+ 44. Nxh4 Rf2+ 45. Qxf2 gxf2 46. Kxf2 Rf8+
1-0

[Event "XVI Open Nicolo' La Rosa"]
[Site "Mazara del Vallo ITA"]
[Date "2008.08.12"]
[Round "3"]
[White "Bocci, Alessandro"]
[Black "Castelli, Giovanni J."]
[Result "1-0"]
[WhiteElo "1908"]
[BlackElo "1530"]
[PlyCount "81"]
[EventDate "2008.08.11"]

1. d4 Nf6 2. c4 g6 3. Nc3 Bg7 4. e4 d6 5. Nf3 O-O 6. Be2 e5 7. d5 Nbd7 8. Bg5
h6 9. Bh4 g5 10. Bg3 Nc5 11. Nd2 a5 12. b3 Nh7 13. f3 f5 14. O-O Nf6 15. a3 f4
16. Bf2 Rf7 17. b4 axb4 18. axb4 Rxa1 19. Qxa1 Na6 20. Rb1 Bf8 21. c5 dxc5 22.
Bxa6 cxb4 23. Bxb7 Bxb7 24. Na2 Qa8 25. Nc4 Nd7 26. Qb2 Ba6 27. Nxe5 Nxe5 28.
Qxe5 Bd3 29. Rxb4 Bg7 30. Qe6 Qxa2 31. Rb8+ Kh7 32. h3 Qa1+ 33. Kh2 Qf6 34. Qe8
Ba6 35. Qg8+ Kg6 36. Re8 Rf8 37. Rxf8 Qxf8 38. Qe6+ Qf6 39. Qd7 Qe5 40. h4 Bf6
41. h5+ 1-0

[Event "XVI Open Nicolo' La Rosa"]
[Site "Mazara del Vallo ITA"]
[Date "2008.08.12"]
[Round "3"]
[White "Cerami, Giuseppe"]
[Black "Lanza, Giuseppe"]
[Result "0-1"]
[WhiteElo "1742"]
[BlackElo "1470"]
[PlyCount "115"]
[EventDate "2008.08.11"]

1. d4 d5 2. Nc3 c5 3. e4 dxe4 4. Bb5+ Bd7 5. dxc5 Bxb5 6. Qxd8+ Kxd8 7. Nxb5 e5
8. Be3 Nd7 9. O-O-O f5 10. g3 Ngf6 11. Ne2 Ng4 12. b4 Nxe3 13. fxe3 a5 14. a3
h5 15. Kb2 g6 16. c3 Bh6 17. Nd6 Kc7 18. Nf7 Bxe3 19. Nxh8 Rxh8 20. Rd6 f4 21.
gxf4 exf4 22. Rhd1 Ne5 23. Re6 Nc4+ 24. Kb3 Nd2+ 25. Kc2 Rd8 26. Re7+ Kc6 27.
Rxe4 Nxe4 28. Rxd8 g5 29. c4 h4 30. Re8 Nf2 31. Re5 Ng4 32. b5+ Kd7 33. Rxg5
Nxh2 34. Rg7+ Kc8 35. b6 f3 36. Nc3 Bxc5 37. Rc7+ Kd8 38. Rxc5 f2 39. Rf5 f1=Q
40. Rxf1 Nxf1 41. Ne4 h3 42. Nf2 h2 43. Nh1 Kd7 44. Kd3 Kc6 45. Kd4 Kxb6 46.
Kd5 Ne3+ 47. Kd4 Nc2+ 48. Kc3 Nxa3 49. Kb3 Nb1 50. Kc2 Kc5 51. Kxb1 Kxc4 52.
Kc2 b5 53. Ng3 a4 54. Nh1 a3 55. Kb1 Kb3 56. Ng3 b4 57. Ka1 Kc2 58. Nf1 0-1

[Event "XVI Open Nicolo' La Rosa"]
[Site "Mazara del Vallo ITA"]
[Date "2008.08.12"]
[Round "3"]
[White "Di Via, Saverio"]
[Black "Melia, Lorenzo"]
[Result "1-0"]
[WhiteElo "1715"]
[BlackElo "1649"]
[PlyCount "97"]
[EventDate "2008.08.11"]

1. e4 c5 2. Nf3 Nc6 3. c3 Nf6 4. e5 Nd5 5. d4 e6 6. Bc4 Nb6 7. Bb3 d5 8. Be3
Nd7 9. O-O Qc7 10. Bc2 f6 11. exf6 gxf6 12. Nh4 Bd6 13. Qh5+ Kd8 14. g3 b6 15.
Qf7 Ba6 16. Rd1 Re8 17. dxc5 bxc5 18. Ng2 Nce5 19. Qxh7 Nf3+ 20. Kh1 Qc6 21.
Nd2 Nde5 22. Nxf3 Nxf3 23. Bd3 Bb7 24. a4 a6 25. Bf1 Be7 26. Qd3 Kc7 27. Bxc5
Nxh2 28. Bxe7 Rh8 29. Nh4 Rxh4 30. gxh4 d4+ 31. f3 Nxf3 32. Bg2 Rg8 33. Qxf3
Qxf3 34. Bxf3 Bxf3+ 35. Kh2 Bxd1 36. Rxd1 dxc3 37. Rc1 Kd7 38. Bxf6 cxb2 39.
Bxb2 Rg4 40. Kh3 Rxa4 41. Ra1 Rb4 42. Be5 Rb3+ 43. Bg3 Rb6 44. Ra5 Ke7 45. Kg4
Kf7 46. Kg5 Rb5+ 47. Rxb5 axb5 48. Be5 Kg8 49. Kg6 1-0

[Event "XVI Open Nicolo' La Rosa"]
[Site "Mazara del Vallo ITA"]
[Date "2008.08.12"]
[Round "3"]
[White "Ferrante, Filippo"]
[Black "Ferrante, Marco"]
[Result "0-1"]
[WhiteElo "1490"]
[BlackElo "2142"]
[PlyCount "70"]
[EventDate "2008.08.11"]

1. Nf3 d5 2. d4 Nf6 3. Bf4 c5 4. c3 Qb6 5. Qb3 e6 6. Bxb8 Rxb8 7. Qxb6 axb6 8.
e3 Bd7 9. Ne5 c4 10. Nxd7 Nxd7 11. Nd2 Ra8 12. g3 b5 13. e4 b4 14. Bg2 Nb6 15.
exd5 exd5 16. O-O Bd6 17. Rfe1+ Kd7 18. Bh3+ Kc7 19. Nf3 Rhe8 20. Rxe8 Rxe8 21.
Kf1 Na4 22. Ng5 Nxb2 23. Nxf7 bxc3 24. Nxd6 Kxd6 25. Bf5 g6 26. Bc2 b5 27. a3
Ra8 28. Re1 Rxa3 29. Re8 Ra1+ 30. Kg2 Rc1 31. Re2 Nd3 32. Bxd3 cxd3 33. Ra2 d2
34. Ra6+ Kc7 35. Ra7+ Kb6 0-1

[Event "XVI Open Nicolo' La Rosa"]
[Site "Mazara del Vallo ITA"]
[Date "2008.08.12"]
[Round "3"]
[White "Fiducioso, Marco"]
[Black "Melograni, Francesco"]
[Result "1-0"]
[WhiteElo "2103"]
[BlackElo "1787"]
[PlyCount "41"]
[EventDate "2008.08.11"]

1. e4 e5 2. Nf3 Nc6 3. d4 exd4 4. Nxd4 Bc5 5. Nxc6 Qf6 6. Qd2 bxc6 7. Bd3 Ne7
8. O-O O-O 9. Nc3 Bb4 10. f4 Bxc3 11. bxc3 d6 12. Ba3 Re8 13. Rae1 Qe6 14. c4
Bb7 15. e5 d5 16. f5 Qd7 17. e6 fxe6 18. fxe6 Qd8 19. Rf7 Ng6 20. Bxg6 hxg6 21.
Qd4 1-0

[Event "XVI Open Nicolo' La Rosa"]
[Site "Mazara del Vallo ITA"]
[Date "2008.08.12"]
[Round "3"]
[White "Grimaldi, Sergio"]
[Black "Laudicina, Mariangela"]
[Result "0-1"]
[WhiteElo "1799"]
[BlackElo "1515"]
[PlyCount "78"]
[EventDate "2008.08.11"]

1. e4 e5 2. Nf3 Nc6 3. Bc4 Bc5 4. d4 Nxd4 5. b4 Bb6 6. Nxe5 Qe7 7. Bxf7+ Kd8 8.
Nc4 Qxe4+ 9. Kf1 Nxc2 10. Nbd2 Qf5 11. Qe2 Qxf7 12. Nxb6 axb6 13. Rb1 Nf6 14.
Qd3 Rxa2 15. Bb2 Nxb4 16. Bxf6+ Qxf6 17. Rxb4 Ra1+ 18. Rb1 Re8 19. f3 Qe5 20.
Kf2 Qc5+ 21. Kg3 Rxb1 22. Rxb1 g6 23. Ne4 Qe5+ 24. Kf2 d6 25. Rb5 Qxh2 26. Rxb6
Bh3 27. Rxd6+ cxd6 28. Qxd6+ Qxd6 29. Nxd6 Re7 30. gxh3 h5 31. h4 Rc7 32. Kg3
Kd7 33. Nf7 b5 34. Ne5+ Kd6 35. Nxg6 Rc3 36. Nf4 b4 37. Ne2 Kd5 38. Kf2 Rc2 39.
Ke3 b3 0-1

[Event "XVI Open Nicolo' La Rosa"]
[Site "Mazara del Vallo ITA"]
[Date "2008.08.12"]
[Round "3"]
[White "Internicola, Vincenzo"]
[Black "Marino, Davide"]
[Result "0-1"]
[WhiteElo "1554"]
[BlackElo "1571"]
[PlyCount "64"]
[EventDate "2008.08.11"]

1. e4 c5 2. b3 e6 3. Ba3 d5 4. Nc3 Nc6 5. exd5 exd5 6. Bb5 Nf6 7. Qe2+ Be6 8.
Nf3 a6 9. Bxc6+ bxc6 10. Ng5 Qd7 11. O-O h6 12. Nxe6 Qxe6 13. Rfe1 Qxe2 14.
Rxe2+ Kd7 15. Na4 Kc7 16. Bxc5 Bxc5 17. Nxc5 Rhe8 18. Rae1 Kd6 19. b4 a5 20. a3
axb4 21. axb4 Rxe2 22. Rd1 Rxd2 23. Rb1 Rxc2 24. f3 Rb8 25. Nd3 Rc3 26. Nc1 Nd7
27. Na2 Ra3 28. Nc1 Rba8 29. Nb3 R3a4 30. Na5 Rb8 31. Rc1 c5 32. Nb3 Rbxb4 0-1

[Event "XVI Open Nicolo' La Rosa"]
[Site "Mazara del Vallo ITA"]
[Date "2008.08.12"]
[Round "3"]
[White "Kizov, Atanas"]
[Black "Messina, Damiano"]
[Result "1-0"]
[WhiteElo "2426"]
[BlackElo "2029"]
[PlyCount "65"]
[EventDate "2008.08.11"]

1. d4 Nf6 2. c4 g6 3. Nc3 d5 4. Bf4 Bg7 5. e3 O-O 6. cxd5 e6 7. dxe6 Bxe6 8.
Nf3 Nd5 9. Be5 f6 10. Bg3 Nxc3 11. bxc3 c5 12. Qd2 Nc6 13. Be2 cxd4 14. cxd4 f5
15. O-O h6 16. Rfd1 Bd5 17. Rac1 Kh7 18. Ne5 Nxe5 19. Bxe5 Bxe5 20. dxe5 Bc6
21. Bf3 Bxf3 22. Qxd8 Raxd8 23. Rc7+ Kg8 24. Rxd8 Rxd8 25. gxf3 Rb8 26. f4 a6
27. Kg2 g5 28. Kg3 b5 29. Rc6 a5 30. Rxh6 g4 31. Ra6 a4 32. Kh4 Kg7 33. Kg5 1-0

[Event "XVI Open Nicolo' La Rosa"]
[Site "Mazara del Vallo ITA"]
[Date "2008.08.12"]
[Round "3"]
[White "Mancuso, Fabrizio"]
[Black "Palazzotto, Giuseppe"]
[Result "0-1"]
[WhiteElo "1362"]
[BlackElo "1873"]
[PlyCount "72"]
[EventDate "2008.08.11"]

1. e4 c5 2. d3 Nc6 3. Nc3 g6 4. g3 Bg7 5. Bg2 d6 6. Nf3 e6 7. O-O Nge7 8. Re1
O-O 9. Bf4 a6 10. e5 d5 11. d4 cxd4 12. Nxd4 Nxd4 13. Qxd4 Nc6 14. Qd2 Qc7 15.
Qe2 b5 16. Nb1 Bb7 17. Nd2 Nd4 18. Qd3 Nxc2 19. Rac1 Nxe1 20. Rxc7 Nxd3 21.
Rxb7 Nxf4 22. gxf4 Bh6 23. Nf3 Bxf4 24. Rc7 Rfc8 25. Rd7 Rc1+ 26. Bf1 Bxh2+ 27.
Nxh2 Rb1 28. b3 Rb2 29. a4 Rxb3 30. axb5 axb5 31. Nf3 Ra1 32. Ng5 Rbb1 33. Rd8+
Kg7 34. Rd7 Rxf1+ 35. Kg2 Rg1+ 36. Kh3 Rxg5 0-1

[Event "XVI Open Nicolo' La Rosa"]
[Site "Mazara del Vallo ITA"]
[Date "2008.08.12"]
[Round "3"]
[White "Meo, Antonino"]
[Black "Sardo, Riccardo"]
[Result "1-0"]
[WhiteElo "1431"]
[BlackElo "1398"]
[PlyCount "35"]
[EventDate "2008.08.11"]

1. e4 e5 2. Nc3 d6 3. Bc4 Nf6 4. d3 a6 5. a4 Nc6 6. f4 Bg4 7. Nf3 Be7 8. O-O
O-O 9. h3 Bd7 10. f5 Nh5 11. Qe1 Nb4 12. Qf2 c5 13. g4 h6 14. gxh5 g5 15. fxg6
Bg5 16. Nxg5 hxg5 17. gxf7+ Kh7 18. Qg3 1-0

[Event "XVI Open Nicolo' La Rosa"]
[Site "Mazara del Vallo ITA"]
[Date "2008.08.12"]
[Round "3"]
[White "Monaco, Alessandro"]
[Black "Savalla, Pietro"]
[Result "1-0"]
[WhiteElo "1527"]
[BlackElo "1440"]
[PlyCount "45"]
[EventDate "2008.08.11"]

1. e4 e5 2. f4 d6 3. Nf3 Nc6 4. Bc4 Nf6 5. Nc3 Be7 6. d3 O-O 7. f5 Nd4 8. O-O
c5 9. Nd5 b5 10. Nxf6+ Bxf6 11. Bd5 Rb8 12. c3 Nxf3+ 13. Qxf3 Bb7 14. Bxb7 Rxb7
15. Qh5 a5 16. Rf3 h6 17. Rg3 Re8 18. Bxh6 Kf8 19. Bg5 Bxg5 20. Rxg5 Kg8 21.
Rf1 f6 22. Rg6 Kf8 23. Qh8+ 1-0

[Event "XVI Open Nicolo' La Rosa"]
[Site "Mazara del Vallo ITA"]
[Date "2008.08.12"]
[Round "3"]
[White "Morello, Guido"]
[Black "Dragojlovic, Andjelko"]
[Result "0-1"]
[WhiteElo "1978"]
[BlackElo "2400"]
[PlyCount "86"]
[EventDate "2008.08.11"]

1. e4 c5 2. Nf3 g6 3. d4 cxd4 4. Qxd4 Nf6 5. Bb5 Nc6 6. Bxc6 dxc6 7. Qxd8+ Kxd8
8. Nc3 Bg4 9. Ng5 Ke8 10. h3 Bc8 11. Nf3 Bg7 12. Bf4 Nd7 13. O-O-O e5 14. Bg3
f6 15. Rd6 Bf8 16. Rdd1 Nc5 17. Kb1 h5 18. Nd2 Bh6 19. Nc4 Be6 20. Na5 Rh7 21.
f3 Rc7 22. Bf2 Bf8 23. g4 b6 24. Nb3 Nxb3 25. axb3 Rh7 26. g5 fxg5 27. Bg3 Rf7
28. Rd3 Rd8 29. Rhd1 Rxd3 30. Rxd3 Rd7 31. Rxd7 Kxd7 32. Bxe5 Bxh3 33. Ne2 Bg2
34. f4 gxf4 35. Bxf4 Bxe4 36. Kc1 Be7 37. Kd2 g5 38. Bb8 a6 39. c3 h4 40. Ke3
Bg6 41. Kf2 g4 42. Kg2 Bf7 43. Nc1 Bd5+ 0-1

[Event "XVI Open Nicolo' La Rosa"]
[Site "Mazara del Vallo ITA"]
[Date "2008.08.12"]
[Round "3"]
[White "Novara, Salvatore"]
[Black "Palazzotto, Roberto"]
[Result "0-1"]
[WhiteElo "1549"]
[BlackElo "1740"]
[PlyCount "64"]
[EventDate "2008.08.11"]

1. e4 c5 2. c4 Nc6 3. Nf3 d6 4. h3 Nf6 5. Nc3 g6 6. g3 Ne5 7. d3 Bg7 8. Bg2 O-O
9. O-O Rb8 10. b3 Nxf3+ 11. Qxf3 a6 12. Rb1 b5 13. cxb5 axb5 14. b4 cxb4 15.
Rxb4 Qa5 16. Rb3 b4 17. Nd5 Nxd5 18. exd5 Qxa2 19. Qd1 Bd7 20. Rb2 Bxb2 21.
Bxb2 Qxb2 22. Qb1 Qxb1 23. Rxb1 b3 24. Rb2 Rfc8 25. d4 Rc2 26. Rb1 b2 27. Be4
Rc1+ 28. Rxc1 bxc1=Q+ 29. Kg2 h5 30. h4 Rb2 31. Bf3 Rb1 32. Kh2 Qg1# 0-1

[Event "XVI Open Nicolo' La Rosa"]
[Site "Mazara del Vallo ITA"]
[Date "2008.08.12"]
[Round "4"]
[White "Castelli, Giovanni J."]
[Black "Grimaldi, Sergio"]
[Result "1-0"]
[WhiteElo "1530"]
[BlackElo "1799"]
[PlyCount "39"]
[EventDate "2008.08.11"]

1. e4 e6 2. d4 d5 3. Nd2 c5 4. exd5 Qxd5 5. Ngf3 Nc6 6. Bc4 Qd8 7. Nb3 cxd4 8.
Nbxd4 Bd7 9. Bf4 Qb6 10. Bb3 Bc5 11. Be3 Nxd4 12. Bxd4 Bxd4 13. Qxd4 Qa5+ 14.
c3 Nf6 15. O-O O-O 16. Rad1 Rfd8 17. Qf4 Bc6 18. Nd4 Bxg2 19. Kxg2 e5 20. Qf5
1-0

[Event "XVI Open Nicolo' La Rosa"]
[Site "Mazara del Vallo ITA"]
[Date "2008.08.12"]
[Round "4"]
[White "Dragojlovic, Andjelko"]
[Black "Amato, Andrea"]
[Result "1/2-1/2"]
[WhiteElo "2400"]
[BlackElo "2264"]
[PlyCount "82"]
[EventDate "2008.08.11"]

1. Nf3 d5 2. g3 Nf6 3. Bg2 g6 4. O-O Bg7 5. d4 O-O 6. c4 c6 7. cxd5 cxd5 8. Ne5
Nc6 9. Nxc6 bxc6 10. Nc3 Rb8 11. b3 Ba6 12. Na4 Nd7 13. Ba3 Re8 14. Rc1 Rc8 15.
Bh3 f5 16. Bg2 Bb5 17. Nc3 Ba6 18. Re1 e5 19. dxe5 Bxe5 20. Na4 Nf6 21. Bb2
Bxb2 22. Nxb2 c5 23. Nd3 Qd6 24. e3 d4 25. exd4 cxd4 26. Rxc8 Rxc8 27. Qd2 Rc3
28. Nf4 Ne4 29. Bxe4 fxe4 30. h4 Bb7 31. Kh2 e3 32. Rxe3 Rxe3 33. fxe3 Qc6 34.
e4 Qxe4 35. Qc1 d3 36. g4 h5 37. gxh5 gxh5 38. Qg1+ Kh7 39. Qg2 Kh6 40. Kg3 d2
41. Qxd2 Qf3+ 1/2-1/2

[Event "XVI Open Nicolo' La Rosa"]
[Site "Mazara del Vallo ITA"]
[Date "2008.08.12"]
[Round "4"]
[White "Ferrante, Marco"]
[Black "Kizov, Atanas"]
[Result "0-1"]
[WhiteElo "2142"]
[BlackElo "2426"]
[PlyCount "74"]
[EventDate "2008.08.11"]

1. e4 e5 2. Nf3 Nc6 3. d4 exd4 4. Bc4 Nf6 5. e5 Ng4 6. Qe2 Qe7 7. Bf4 f6 8.
exf6 gxf6 9. Nbd2 d6 10. Qxe7+ Bxe7 11. Bb5 Bd7 12. Bxc6 bxc6 13. Nxd4 c5 14.
Ne2 O-O-O 15. a3 f5 16. b4 Bf6 17. Rb1 cxb4 18. Rxb4 Rde8 19. h3 Ne5 20. Be3 c5
21. Rb1 Ba4 22. O-O Bxc2 23. Rbc1 Bd3 24. Rfe1 Bxe2 25. Rxe2 Nd3 26. Rd1 d5 27.
Nf3 c4 28. Rc2 Kb7 29. Rb1+ Ka6 30. Bd4 Rhf8 31. a4 Re4 32. Bxf6 Rxf6 33. Rb5
Rb6 34. Ra2 Rxb5 35. axb5+ Kxb5 36. Rxa7 c3 37. Ra3 Kb4 0-1